| 000 | 01376nam0a22003011 4500 | ||
|---|---|---|---|
| 001 | rc\4878260 | ||
| 005 | 20260407124445.0 | ||
| 021 |
_aRU _b[61-32645] |
||
| 035 | _a(NLR Aleph) 008914809 | ||
| 090 |
_a8786719 _c8786719 |
||
| 100 | _a20130426d1961 |||y0rusy50 ca | ||
| 101 | 0 | _arus | |
| 102 | _aRU | ||
| 105 | _ay a ||||| | ||
| 200 | 1 |
_aНе по пути _e(Метод. и библиогр. материалы в помощь проведению вечера вопросов и ответов) _fВоронежское обл. упр. культуры. Обл. б-ка |
|
| 210 |
_aВоронеж _cБ. и. _d1961 |
||
| 215 |
_a13 с. _d20 |
||
| 300 | _aВ конце текста сост.: методист А. Грабор, библиограф Т. Моисеева | ||
| 606 |
_aБиблиотеки _xРабота с научно-атеистической литературой _2psbo |
||
| 606 |
_aСектантство _jМатериалы для библиотек _2psbo |
||
| 702 | 1 |
_aМоисеева _bТ. _4220 |
|
| 702 | 1 |
_aГрабор _bА. _4220 |
|
| 712 | 0 | 2 |
_aВоронежская областная универсальная научная библиотека им. И. С. Никитина _3RU\NLR\AUTH\889965847 _9427981 |
| 801 | 0 |
_aRU _bNLR _gpsbo |
|
| 801 | 1 |
_aRU _bELAR _2rusmarc |
|
| 852 |
_aNLR _jБ 8240/Н386 |
||
| 942 | _cBOOK | ||
| 980 | _aNB | ||